00449nam a2200181Ia 4500003000400000005001700004008004100021020001800062040000600080041001200086082002000098100005900118245002800177250001300205260002500218300001500243440000900258OSt20240927112852.0240126s9999 xx 000 0 und d a9789353067038 c0 aEnglish a658.3 ROB;1 R aRobbins, Stephen P. Judge, Timothy A. Vohra, Neharika. 0aOrganizational behavior a18th ed. bPersens BooksaNoida axxxiv, 740 aNULL